00349 a2200109 4500020001500000082001600015100001900031245009700050260003300147300003300180650002600213 a0750674024 a620.112 PAT aPatnaik, Surya aStrength of Materials A New Unified Theory for the 21st CenturycSurya Patnaik, Dale Hopkins aAmsterdam :bElsevier,c2003 axxi, 750p. :bill . ;c25 cm aStrength of Materials